00548cam a22002171a 4500001001300000003000400013005001700017008004100034010001700075025002000092035002000112040001700132042001200149050001800161100001900179245004400198250001900242260003200261300002000293999001700313sa 68016004 DLC20260227112651.0950323s1966 io 000 0 jav  asa 68016004  aPL480:Indo-4993 a(OCoLC)32192741 aDLCcWUdDLC apremarc00aPL5179.W5bW31 aWidajat, Widi.10aWasijating bijung /cgambar: S. Trisno. aTjap-tjapan 1. aSemarang :b"Dawud,"c1966. a74 p. ;c15 cm. c86861d86861